000 01609nam a2200277 a 4500
001 000021207
003 DO-SdBNP
005 20250621074006.0
008 100902s2004 dr c 000 0 spa d
020 _a9993427047
040 _aDO-SdBNP
_bspa
_cBNPHU
082 4 _a972.93054
_bV422c
_222
100 1 _aVega, Bernardo,
_d1938 -
_93222
245 1 0 _aComo los americanos ayudaron a colocar a Balaguer en el poder en 1966 /
_cBernardo Vega.
260 _aSanto Domingo :
_bFundación Cultural Dominicana,
_c2004.
300 _a321 p. :
_bretrs. ;
_c27 cm.
504 _aIncluye referencias bibliográficas y notas al pie de las páginas
505 2 _aKennedy pide a Balaguer que abandone el poder -- Exilio y ostracismo en Nueva York -- Mann y el conservadurismo en Washington -- Irving A. Davidson entra en acción -- Los complots-- Johnson ordena que se logre que Balaguer vuelva al poder -- Johnson autoriza a la CIA a poner de inmediato a Balaguer en el poder -- Balaguer ofrece la solución -- Aspectos militares y de inteligencia -- El regreso de Balaguer -- La campaña electoral -- La recta final -- Y no llovió -- Conclusiones -- Notas -- Bibliografía -- Indice onomástico.
600 1 0 _a Balaguer, Joaquín,
_d1906-2002
_976556
651 1 0 _aRepública Dominicana
_xPolítica y gobierno
_945
651 1 4 _aEstados Unidos
_xRelaciones exteriores
_zRepública Dominicana
_96309
651 1 4 _aRepública Dominicana
_xRelaciones exteriores
_zEstados Unidos
_96308
651 1 0 _aRepública Dominicana --
_xHistoria --
_y1961-
_96572
910 _aValidado. Control de calidad BNPHU
942 _2ddc
_cLBS1
999 _c20708
_d20708